000 00749nam a2200277Ia 4500
003 OSt
005 20221007123220.0
006 a|||||r|||| 00| 0
007 ta
008 221006b |||||||| |||| 00| 0 eng d
020 _a0521437997 (pbk)
024 _a2812
037 _cTextual
040 _aPAPL
_cPAPL
_beng
041 _2eng
_aeng
082 _aB7:3551, N3
100 _aOtt Edward
_9716871
245 0 _aChaos in dynamical systems by Edward Ott
260 _aCambridge
_bCambridge University Press
_c1993
300 _a385p
_ccm.
650 _a Chaos
650 _a Nonlinear phenomena
_9716872
650 _aDynamics
_9453975
942 _hB7:3551, N3
_cTEXL
_2CC
999 _c1211541
_d1211541